=LDR 00000nam 2200000 4500 =001 INLIS000000000009188 =005 20130612101015 =008 ***********************************Ind** =035 ##$$0010-061300000009188 =041 ##$$a Ind =082 ##$$a 005.369 =090 ##$$a 005.369, Sud-c =100 ##$$a Sudibyono, Agt. Hanung =245 ##$$a Clipper, Agt. Hanung Sudibyono =260 ##$$a 1992 $b Yogyakarta =300 ##$$a 201 hlm, Ilus, 21 cm =650 ##$$a Komputer-Program Clipper =850 ##$$a NBPNMAT